00535nam a2200205 a 4500001001300000003000900013005001700022008004100039020001000080082001400090100001800104245003600122260004500158300000900203500003500212505001100247650002800258650002500286700001800311nice12345678IN_TiNIC20260116013404.0050524s1969 newa grp 000 0 eng  ac29900a200bSMA1 aSmart, Ninian aReligious Experience of Mankind aNew YorkbCharles Scribner`s Sons,c1969 a576p aincludes index and biblioraphy2 aBiblio aReligion-Historiography aExperience, Religion1 aSmart, Ninian